| 000 | 00441cam a2200181 4500 | ||
|---|---|---|---|
| 001 | D6600 | ||
| 008 | 090401t1964 xxu||||| |||| 00| 0 eng d | ||
| 035 | _a(Sirsi) u1828 | ||
| 041 | _aeng | ||
| 050 | _a346.4104346 | ||
| 100 | _aLeach, W. A. | ||
| 245 | _aPractical points on leases: a surveyor`s experience | ||
| 260 |
_aLondon _bSweet & Maxwell _c1964 |
||
| 300 | _a44p. 21cm. 50p | ||
| 350 | _a0 | ||
| 942 | _n0 | ||
| 948 | _c04/03/1997 | ||
| 999 |
_c85702 _d85702 |
||